[Event "Uppsala op"]
[Site "Uppsala"]
[Date "2023.08.13"]
[Round "7"]
[White "Viswanath, Rishi"]
[Black "Wingh, Walter"]
[Result "0-1"]
[WhiteElo "1255"]
[BlackElo "1434"]
[PlyCount "98"]
[EventDate "2023.08.07"]
[EventType "swiss"]
[EventRounds "7"]
[EventCountry "SWE"]
[SourceTitle "CBM 215 Extra"]
[Source "ChessBase"]
[SourceDate "2023.09.30"]
[SourceVersion "1"]
[SourceVersionDate "2023.09.30"]
[SourceQuality "1"]

1. Nf3 d5 2. d4 Nf6 3. c4 e6 4. g3 c5 5. cxd5 exd5 6. Nc3 Nc6 7. Bg2 h6 8. 0-0 Bd6 9. e3 0-0 10. Qc2 Be6 11. Rd1 Qd7 12. Nb5 Bf5 13. Qd2 Ne4 14. Qe1 Bg4 15. Nxd6 Nxd6 16. Bd2 Qf5 17. Nh4 Qf6 18. f3 g5 19. fxg4 gxh4 20. dxc5 Nc4 21. Bxd5 N4e5 22. gxh4 Rad8 23. Bxc6 Qxc6 24. Qf2 Nf3+ 25. Kf1 Rxd2 26. Rxd2 Nxd2+ 27. Kg1 Nf3+ 28. Kf1 Qb5+ 29. Kg2 Ne5 30. Rf1 Qxc5 31. Qf4 Qc6+ 32. Kh3 Qe6 33. b3 Re8 34. h5 Nd3 35. Qg3 Qe5 36. Qf3 Qxe3 37. Qg3 Qxg3+ 38. Kxg3 Re3+ 39. Kh4 Re2 40. Rf3 Rxh2+ 41. Rh3 Rxh3+ 42. Kxh3 Nb4 43. a4 Kg7 44. Kg3 Nd3 45. a5 Kf6 46. Kh4 a6 47. Kg3 Kg5 48. Kh3 Nc5 49. b4 Nd3 0-1

[Event "Uppsala Young Champions 9th"]
[Site "Uppsala"]
[Date "2022.10.31"]
[Round "6"]
[White "Wingh, Walter"]
[Black "Morell, Oscar"]
[Result "0-1"]
[WhiteElo "1417"]
[BlackElo "1905"]
[PlyCount "108"]
[EventDate "2022.10.28"]
[EventType "swiss"]
[EventRounds "9"]
[EventCountry "SWE"]
[SourceTitle "EXT 2024"]
[Source "ChessBase"]
[SourceDate "2023.10.10"]
[SourceVersion "1"]
[SourceVersionDate "2023.10.10"]
[SourceQuality "1"]

1. e4 c5 2. c3 Nf6 3. e5 Nd5 4. d4 cxd4 5. Nf3 Nc6 6. cxd4 d6 7. Bc4 e6 8. 0-0 Be7 9. Qb3 Nb6 10. Bb5 0-0 11. Bf4 Nd5 12. Bxc6 bxc6 13. exd6 Bxd6 14. Bxd6 Qxd6 15. Nc3 Re8 16. Rac1 Ba6 17. Rfd1 Reb8 18. Qc2 Nb4 19. Qd2 Nd3 20. Rc2 f5 21. Ne1 Nb4 22. Rcc1 c5 23. dxc5 Qxc5 24. Qd6 Qc4 25. Nc2 Nxa2 26. Nxa2 Qxa2 27. Na3 Rb6 28. Qe5 Qxb2 29. Qxb2 Rxb2 30. Nc4 Bxc4 31. Rxc4 Rab8 32. g3 Rb1 33. Rxb1 Rxb1+ 34. Kg2 Rb8 35. Rc6 Ra8 36. Rxe6 a5 37. Re3 a4 38. Ra3 Kf7 39. Kf3 Ke6 40. Ke3 Ke5 41. Kd3 Kd5 42. Kc3 Kc5 43. h3 g5 44. g4 fxg4 45. hxg4 h6 46. f3 Ra6 47. Ra2 a3 48. Kb3 Kd4 49. Rc2 a2 50. Rxa2 Rxa2 51. Kxa2 Ke3 52. Kb2 Kxf3 53. Kc2 Kxg4 54. Kd2 Kg3 0-1